LEADER 02319nam 2200673 a 450 001 9910463304903321 005 20200520144314.0 010 $a0-295-80366-5 035 $a(CKB)2670000000352718 035 $a(EBL)3444523 035 $a(SSID)ssj0001178574 035 $a(PQKBManifestationID)11763046 035 $a(PQKBTitleCode)TC0001178574 035 $a(PQKBWorkID)11168231 035 $a(PQKB)11648670 035 $a(MiAaPQ)EBC3444523 035 $a(OCoLC)841171087 035 $a(MdBmJHUP)muse21248 035 $a(Au-PeEL)EBL3444523 035 $a(CaPaEBR)ebr10690526 035 $a(CaONFJC)MIL810598 035 $a(OCoLC)932315424 035 $a(EXLCZ)992670000000352718 100 $a20050114d2005 uy 0 101 0 $aeng 135 $aur|n|---||||| 181 $ctxt 182 $cc 183 $acr 200 00$aInformation ethics$b[electronic resource] $eprivacy, property, and power /$fedited by Adam D. Moore 205 $a1st ed. 210 $aSeattle $cUniversity of Washington Press$dc2005 215 $a1 online resource (458 p.) 300 $aDescription based upon print version of record. 311 $a0-295-98489-9 320 $aIncludes bibliographical references and index. 327 $apt. I. An ethical framework for analysis -- pt. II. Intellectual property : moral and legal concerns -- pt. III. Privacy and information control -- pt. IV. Freedom of speech and information control -- pt. V. Governmental and societal control of information. 606 $aFreedom of information 606 $aInformation society 606 $aIntellectual property 606 $aPrivacy, Right of 606 $aCommunication$xMoral and ethical aspects 606 $aInformation technology$xSocial aspects 608 $aElectronic books. 615 0$aFreedom of information. 615 0$aInformation society. 615 0$aIntellectual property. 615 0$aPrivacy, Right of. 615 0$aCommunication$xMoral and ethical aspects. 615 0$aInformation technology$xSocial aspects. 676 $a323.44/5 701 $aMoore$b Adam D.$f1965-$0918633 801 0$bMiAaPQ 801 1$bMiAaPQ 801 2$bMiAaPQ 906 $aBOOK 912 $a9910463304903321 996 $aInformation ethics$92059996 997 $aUNINA LEADER 02745nam 2200661 a 450 001 9910786323203321 005 20200520144314.0 010 $a1-283-83480-4 024 7 $a10.1515/9780773587731 035 $a(CKB)2670000000276976 035 $a(EBL)3284085 035 $a(SSID)ssj0000819106 035 $a(PQKBManifestationID)11413708 035 $a(PQKBTitleCode)TC0000819106 035 $a(PQKBWorkID)10844601 035 $a(PQKB)10701168 035 $a(CEL)444794 035 $a(OCoLC)820943529 035 $a(CaBNVSL)slc00231394 035 $a(Au-PeEL)EBL3332549 035 $a(CaPaEBR)ebr10627766 035 $a(CaONFJC)MIL414730 035 $a(OCoLC)923238497 035 $a(VaAlCD)20.500.12592/7b1j8m 035 $a(MiAaPQ)EBC3332549 035 $a(DE-B1597)655363 035 $a(DE-B1597)9780773587731 035 $a(EXLCZ)992670000000276976 100 $a20121207d2012 uy 0 101 0 $aeng 135 $aur|n|---||||| 181 $ctxt 182 $cc 183 $acr 200 04$aThe mirror of the worlde$b[electronic resource] /$fa translation by Elizabeth Tanfield Cary ; edited and with an introduction by Lesley Peterson 210 $aMontreal $cMcGill-Queen's University Press$d2012 215 $a1 online resource (273 p.) 300 $aTranslation of: L'e?pitome du the?a??tre du monde d'Abraham Ortelius. 311 $a0-7735-4072-5 311 $a0-7735-8773-X 320 $aIncludes bibliographical references and index. 327 $aIntroduction Early Encounters with the World: Elizabeth Tanfield and Her Work -- The Translator's "Pregnancy of Understanding": Elizabeth Tanfield's Style -- The Translator in the Priory: Influences and Contexts -- Note on the Text -- The Mirror of the Worlde (text and annotations) - Appendix A Summary of all French Editions of Ortelius Printed by 1602 225 -- Appendix B Comparison of the Contents of The Mirror of the Worlde with the Contents of the 1590 Epitome and the 1598 Miroir -- Appendix C Complete Text of L'Epitome's Descriptions of "Lucembourg" (34v) and "Haynault" (35v). 330 $aAn authoritative and comprehensive edition of the first known English translation of the first atlas of the world. 606 $aAtlases$vEarly works to 1800 606 $aWorld maps$vEarly works to 1800 615 0$aAtlases 615 0$aWorld maps 676 $a912.1 700 $aCary$b Elizabeth$cLady,$f1585 or 1586-1639.$0545748 701 $aCary$b Elizabeth Tanfield$01484995 701 $aPeterson$b Lesley$01484996 801 0$bMiAaPQ 801 1$bMiAaPQ 801 2$bMiAaPQ 906 $aBOOK 912 $a9910786323203321 996 $aThe mirror of the worlde$93703880 997 $aUNINA